| 000 | 00481nam a2200157Ia 4500 | ||
|---|---|---|---|
| 003 | OSt | ||
| 005 | 20200611110143.0 | ||
| 008 | 190216s9999||||xx |||||||||||||| ||und|| | ||
| 040 | _coclc | ||
| 082 |
_a320.540954 _bCHA/N |
||
| 100 | 1 |
_aChandra, Bipan _9137 |
|
| 245 | 0 |
_aNationalism And Colonialism In Modern India / _cBipan Chandra |
|
| 260 |
_bOrient Longman, _c1987. _aHyderbad: |
||
| 300 | _a395p | ||
| 942 |
_cBK _2ddc _h320.540954 _iCHA/N _k320.540954 _mCHA/N |
||
| 999 |
_c20190 _d20190 |
||